| 000 | 00377nam a22001337a 4500 | ||
|---|---|---|---|
| 020 | _a9787119116099 | ||
| 082 |
_a951 _bBRO |
||
| 100 | _a Brown, William N | ||
| 245 |
_aOff the wall : how we fell for China _c Brown William N |
||
| 260 |
_aBeijing _bForeign Language Press _c2018 |
||
| 300 | _a216p | ||
| 942 |
_2ddc _cBK |
||
| 999 |
_c587895 _d587895 |
||